<?xml version="1.0" encoding="UTF-8"?>
<collection xmlns="http://www.loc.gov/MARC21/slim">
 <record>
  <leader>01043nam a2200217 a 4500</leader>
  <controlfield tag="001">1/38707</controlfield>
  <controlfield tag="008">091103s2008    lu a         n00010 eng  </controlfield>
  <datafield tag="020" ind1=" " ind2=" ">
   <subfield code="a">9789291931095 (english ed)</subfield>
  </datafield>
  <datafield tag="020" ind1=" " ind2=" ">
   <subfield code="a">9789291931453 (greek ed)</subfield>
  </datafield>
  <datafield tag="035" ind1=" " ind2=" ">
   <subfield code="l">41351</subfield>
  </datafield>
  <datafield tag="040" ind1=" " ind2=" ">
   <subfield code="a">GR-PeUP</subfield>
  </datafield>
  <datafield tag="082" ind1="0" ind2="0">
   <subfield code="a">KET 362.1'094 KEE</subfield>
  </datafield>
  <datafield tag="240" ind1="1" ind2="0">
   <subfield code="a">Διατηρώντας την υγεία στην Ευρώπη :</subfield>
   <subfield code="d">το ECDC εν δράσει</subfield>
   <subfield code="l">greek and english</subfield>
  </datafield>
  <datafield tag="245" ind1="0" ind2="0">
   <subfield code="a">Keeping Europe Healthy :</subfield>
   <subfield code="b">ECDC in action.</subfield>
  </datafield>
  <datafield tag="260" ind1="0" ind2=" ">
   <subfield code="a">Luxembourg :</subfield>
   <subfield code="b">Office for Official Publications of the European Communities,</subfield>
   <subfield code="c">2008.</subfield>
  </datafield>
  <datafield tag="300" ind1=" " ind2=" ">
   <subfield code="a">16 σ. :</subfield>
   <subfield code="b">εικ. ;</subfield>
   <subfield code="c">21 εκ.</subfield>
  </datafield>
  <datafield tag="650" ind1=" " ind2="4">
   <subfield code="a">Health Policy</subfield>
   <subfield code="z">Europe.</subfield>
  </datafield>
  <datafield tag="710" ind1="2" ind2=" ">
   <subfield code="a">European Centre for Disease Prevention and Control.</subfield>
  </datafield>
  <datafield tag="852" ind1=" " ind2=" ">
   <subfield code="a">INST</subfield>
   <subfield code="b">UNIPILB</subfield>
   <subfield code="c">KET</subfield>
   <subfield code="e">20091103</subfield>
   <subfield code="h">KET 362.1'094 KEE</subfield>
   <subfield code="p">00158067</subfield>
   <subfield code="q">00158067</subfield>
   <subfield code="t">LOAN</subfield>
   <subfield code="v">v.eng:</subfield>
   <subfield code="y">0</subfield>
   <subfield code="z">v.eng</subfield>
   <subfield code="4">1</subfield>
  </datafield>
  <datafield tag="852" ind1=" " ind2=" ">
   <subfield code="a">INST</subfield>
   <subfield code="b">UNIPILB</subfield>
   <subfield code="c">KET</subfield>
   <subfield code="e">20091103</subfield>
   <subfield code="h">KET 362.1'094 KEE</subfield>
   <subfield code="p">00158068</subfield>
   <subfield code="q">00158068</subfield>
   <subfield code="t">LOAN</subfield>
   <subfield code="v">v.eng:</subfield>
   <subfield code="y">0</subfield>
   <subfield code="z">v.eng</subfield>
   <subfield code="4">2</subfield>
  </datafield>
  <datafield tag="852" ind1=" " ind2=" ">
   <subfield code="a">INST</subfield>
   <subfield code="b">UNIPILB</subfield>
   <subfield code="c">KET</subfield>
   <subfield code="e">20100303</subfield>
   <subfield code="h">KET 362.1'094 KEE</subfield>
   <subfield code="p">00160854</subfield>
   <subfield code="q">00160854</subfield>
   <subfield code="t">LOAN</subfield>
   <subfield code="v">v.gre:</subfield>
   <subfield code="y">0</subfield>
   <subfield code="z">v.gre</subfield>
   <subfield code="4">1</subfield>
  </datafield>
 </record>
</collection>
